000 00299nam a22001097a 4500
082 _a800/RAM
100 _aEdi. Ramakrishnan, E.V.
_984028
245 _aLiterary criticism in india
_bTexts, trends and trajectories
260 _aNew delhi
_bSahitya akademi
_c2025
650 _aLiterature
942 _cBK
999 _c69049
_d69049